Biological nitrogen fixation in forest ecosystems : (Record no. 13125)

MARC details
000 -LEADER
fixed length control field 01134pam a2200313 a 4500
001 - CONTROL NUMBER
control field 2350028
003 - CONTROL NUMBER IDENTIFIER
control field OSt
005 - DATE AND TIME OF LATEST TRANSACTION
control field 20211015182914.0
008 - FIXED-LENGTH DATA ELEMENTS--GENERAL INFORMATION
fixed length control field 830414s1983 ne a b 001 0 eng
010 ## - LIBRARY OF CONGRESS CONTROL NUMBER
LC control number 83008141
020 ## - INTERNATIONAL STANDARD BOOK NUMBER
International Standard Book Number 9024728495
040 ## - CATALOGING SOURCE
Original cataloging agency DLC
Transcribing agency HU
Modifying agency DLC
050 00 - LIBRARY OF CONGRESS CALL NUMBER
Classification number QR89.7
Item number .B55 1983
082 00 - DEWEY DECIMAL CLASSIFICATION NUMBER
Classification number 581.5/2642
Edition number 19
100 ## - MAIN ENTRY--PERSONAL NAME
Personal name -
245 00 - TITLE STATEMENT
Title Biological nitrogen fixation in forest ecosystems :
Remainder of title foundations and applications /
Statement of responsibility, etc. edited by J.C. Gordon and C.T. Wheeler.
260 ## - PUBLICATION, DISTRIBUTION, ETC.
Place of publication, distribution, etc. The Hague ;
-- Boston :
Name of publisher, distributor, etc. M. Nijhoff/W. Junk ;
Place of publication, distribution, etc. Hingham, MA :
Name of publisher, distributor, etc. Distributors for the U.S. and Canada, Kluwer Boston,
Date of publication, distribution, etc. 1983.
300 ## - PHYSICAL DESCRIPTION
Extent 342 p. :
Other physical details ill. ;
Dimensions 25 cm.
490 1# - SERIES STATEMENT
Series statement Forestry sciences ;
Volume/sequential designation FS9
504 ## - BIBLIOGRAPHY, ETC. NOTE
Bibliography, etc. note Includes bibliographical references and index.
650 #0 - SUBJECT ADDED ENTRY--TOPICAL TERM
Topical term or geographic name entry element Nitrogen
General subdivision Fixation.
9 (RLIN) 14057
650 #0 - SUBJECT ADDED ENTRY--TOPICAL TERM
Topical term or geographic name entry element Forest ecology.
9 (RLIN) 4786
650 #0 - SUBJECT ADDED ENTRY--TOPICAL TERM
Topical term or geographic name entry element Forest management.
9 (RLIN) 11201
700 1# - ADDED ENTRY--PERSONAL NAME
Personal name Gordon, J. C.
Fuller form of name (John C.),
Dates associated with a name 1939-
9 (RLIN) 11999
700 1# - ADDED ENTRY--PERSONAL NAME
Personal name Wheeler, C. T.
Fuller form of name (Christopher T.)
9 (RLIN) 14058
830 #0 - SERIES ADDED ENTRY--UNIFORM TITLE
Uniform title Forestry sciences ;
Volume/sequential designation v. 9.
9 (RLIN) 4502
906 ## - LOCAL DATA ELEMENT F, LDF (RLIN)
a 7
b cbc
c orignew
d 1
e ocip
f 19
g y-gencatlg
942 ## - ADDED ENTRY ELEMENTS (KOHA)
Source of classification or shelving scheme Dewey Decimal Classification
Koha item type Books like text book referance book
Suppress in OPAC No
Holdings
Withdrawn status Lost status Source of classification or shelving scheme Damaged status Not for loan Collection code Home library Current library Shelving location Date acquired Total Checkouts Full call number Barcode Date last seen Copy number Price effective from Koha item type
    Dewey Decimal Classification     Non-fiction Wondo Genet Library Wondo Genet Library General Stacks 10/15/2021   581.5'2641 BIO 1982 WGCFNRL00005594 10/15/2021 1 10/15/2021 Books like text book referance book
    Dewey Decimal Classification     Non-fiction Wondo Genet Library Wondo Genet Library General Stacks 10/15/2021   581.5'2641 BIO 1982 WGCFNRL00005595 10/15/2021 2 10/15/2021 Books like text book referance book
    Dewey Decimal Classification     Non-fiction Wondo Genet Library Wondo Genet Library General Stacks 10/15/2021   581.5'2641 BIO 1982 WGCFNRL00005596 10/15/2021 3 10/15/2021 Books like text book referance book
    Dewey Decimal Classification     Non-fiction Wondo Genet Library Wondo Genet Library General Stacks 10/15/2021   581.5'2641 BIO 1982 WGCFNRL00005597 10/15/2021 4 10/15/2021 Books like text book referance book